|
|
|
|
| LEADER |
00000naa2a2200000 4500 |
| 001 |
218339 |
| 005 |
20260127142718.0 |
| 035 |
|
|
|a (RuTPU)RU\TPU\book\238361
|
| 035 |
|
|
|a RU\TPU\book\238343
|
| 090 |
|
|
|a 218339
|
| 100 |
|
|
|a 20120619d2004 k y0rusy50 ca
|
| 101 |
0 |
|
|a rus
|
| 102 |
|
|
|a RU
|
| 135 |
|
|
|a drnn ---uucaa
|
| 181 |
|
0 |
|a i
|
| 182 |
|
0 |
|a b
|
| 200 |
1 |
|
|a Производство сверхвысокомолекулярного полиэтилена с использованием высокоэффективных нанесённых титанмагниевых катализаторов
|f В. Е. Никитин [и др.]
|
| 203 |
|
|
|a Текст
|c электронный
|
| 215 |
|
|
|a 1 файл ( 368 Кб)
|
| 300 |
|
|
|a Заглавие с титульного листа
|
| 300 |
|
|
|a Электронная версия печатной публикации
|
| 337 |
|
|
|a Adobe Reader
|
| 463 |
|
1 |
|0 (RuTPU)RU\TPU\book\74583
|t Химия и химическая технология на рубеже тысячелетий
|o материалы III Всероссийской научной конференции, Томск, 2-4 сентября 2004 г.
|f Российское химическое общество им. Д. И. Менделеева; Химия и химическая технология на рубеже тысячелетий. Всероссийская научная конференция; Российская Академия естествознания; Администрация Томской области; ООО "Томскнефтехим"; ЗАО "Метанол"; Томский политехнический университет
|v [С. 80-81]
|d 2004
|
| 610 |
1 |
|
|a сверхвысокомолекулярный полиэтилен
|
| 610 |
1 |
|
|a титан
|
| 610 |
1 |
|
|a магний
|
| 610 |
1 |
|
|a катализаторы
|
| 610 |
1 |
|
|a производство
|
| 610 |
1 |
|
|a молекулярная масса
|
| 610 |
1 |
|
|a электронный ресурс
|
| 701 |
|
1 |
|a Никитин
|b В. Е.
|
| 701 |
|
1 |
|a Захаров
|b В. А.
|
| 701 |
|
1 |
|a Микенас
|b Т. Б.
|
| 701 |
|
1 |
|a Мозгунова
|b Н. В.
|
| 701 |
|
1 |
|a Поддубняк
|b А. Н.
|
| 701 |
|
1 |
|a Аркатов
|b О. Л.
|
| 801 |
|
1 |
|a RU
|b 63413507
|c 20120529
|
| 801 |
|
2 |
|a RU
|b 63413507
|c 20120619
|g RCR
|
| 856 |
4 |
|
|u http://www.lib.tpu.ru/fulltext/v/Conferences/2004/K01/41064.pdf
|
| 942 |
|
|
|c CF
|